| 000 | 004510000a22001810004500 | ||
|---|---|---|---|
| 003 | LK-CoMWRAF | ||
| 008 | 230817t ||||| |||| 00| 0 eng d | ||
| 040 |
_aLK-CoMWRAF _dLK-CoMWRAF _eLK-CoMWRAF |
||
| 041 | _aeng | ||
| 082 |
_a440 _bAMP |
||
| 100 | _aAmpethkar, Annal | ||
| 245 |
_aInthuisathin thathuvam _b |
||
| 250 | _a2nd.ed | ||
| 260 |
_aThirupur _bSamookaneethi pathipakam _c1995 |
||
| 300 | _ap.192 | ||
| 650 | _aReligious book | ||
| 942 | _cBK | ||
| 999 |
_c2795 _d2795 |
||